000 00664cam a2200217 4500500
005 20260329010104.0
041 _afre
042 _adc
100 1 0 _aDevillairs, Laurence
_eauthor
245 0 0 _aMachiavel, l’antimoderne
260 _c2022.
500 _a91
690 _aCroyances
690 _aLe Prince
690 _aMachiavel
690 _aModernité
690 _aPolitique
690 _aPouvoir
786 0 _nPhilosophie magazine - Hors séries | Hors-série Hiver-Pritemps 2022 | HS52 | 2022-01-01 | p. 22-23 | 2104-9246
856 4 1 _uhttps://shs.cairn.info/magazine-philosophie-magazine-2022-hs52-page-22?lang=fr&redirect-ssocas=7080
999 _c1849392
_d1849392